000 00751nam a2200205 a 4500
001 000980227
003 AM-YeHGA
005 20250618074224.0
008 130903s2013 ai r 000 0 arm d
020 _a9789939601915
040 _aAM-YeHGA
041 0 _aarm
100 1 _aՀարությունյան, Գոռ Շահենի,
_d1986-
245 1 0 _aԿոլապս :
_bԲանաստեղծություններ /
_cԳ. Հարությունյան; Խմբ. Մ. Մուրադյան.
260 _aԵ. :
_bՎՄՎ-Պրինտ,
_c2013.
300 _a108 էջ :
_bգուն. լուսանկ.
650 1 4 _aՀայ գրականություն
_xՊոեզիա
700 1 _aՄուրադյան, Մանուկ Նորիկի,
_d1955-2013
_eխմբ.
_4edt
_94101
090 _c328447
999 _c326699
_d326699